书目信息 |
| 题名: |
社会心理语言学
|
|
| 作者: | 王德春 , 孙汝建 , 姚远 著 | |
| 分册: | ||
| 出版信息: | 上海 上海外语教育出版社 1995.12 |
|
| 页数: | 279页 | |
| 开本: | 20cm | |
| 丛书名: | ||
| 单 册: | ||
| 中图分类: | H , H0 | |
| 科图分类: | ||
| 主题词: | 语言学 | |
| 电子资源: | ||
| ISBN: | 7-81009-972-8 | |
| 000 | 00659nam0 2200229 45 | |
| 001 | 0356129267 | |
| 005 | 2003062415352926 | |
| 010 | @a7-81009-972-8@dRMB 12.00 | |
| 100 | @a20030624d1995 km y0chiy0120 ea | |
| 101 | 0 | @achi |
| 102 | @aCN@b310000 | |
| 200 | 1 | @a社会心理语言学@Ashe hui xin li yu yan xue@f王德春,孙汝建,姚远著@FWang De Chun,Sun Ru Jian,Yao Yuan Zhu |
| 210 | @a上海@c上海外语教育出版社@d1995.12 | |
| 215 | @a279页@d20cm | |
| 606 | 0 | @a语言学 |
| 690 | @aH@v4 | |
| 690 | @aH0@v3 | |
| 701 | 0 | @a王德春@AWang De Chun@4著 |
| 701 | 0 | @a孙汝建@ASun Ru Jian@4著 |
| 701 | 0 | @a姚远@AYao Yuan@4著 |
| 801 | 0 | @aCN@bPFT@c20030624 |
| 905 | @a@dH0@eW140 | |
| 社会心理语言学/王德春,孙汝建,姚远著.-上海:上海外语教育出版社,1995.12 |
| 279页;20cm |
| ISBN 7-81009-972-8:RMB 12.00 |
| ● |
| 相关链接 |
|
|
|
正题名:社会心理语言学
索取号:H0/W140
 
预约/预借
| 序号 | 登录号 | 条形码 | 馆藏地/架位号 | 状态 | 备注 |
| 1 | 370718 | 203707186 | 语言库209/209语言库 61排4列1层/ [索取号:H0/W140] | 在馆 | |
| 2 | 370719 | 203707195 | 语言库209/209语言库 61排4列1层/ [索取号:H0/W140] | 在馆 | |
| 3 | 370720 | 203707202 | 语言库209/209语言库 61排4列1层/ [索取号:H0/W140] | 在馆 |